|
|
|
|
| LEADER |
00000nam0a2200000 4500 |
| 001 |
307524 |
| 005 |
20231102002013.0 |
| 020 |
|
|
|a RU
|b 81-58022
|
| 035 |
|
|
|a (RuTPU)RU\TPU\book\332817
|
| 090 |
|
|
|a 307524
|
| 100 |
|
|
|a 20151021d1981 m y0rusy5003 ca
|
| 101 |
0 |
|
|a rus
|
| 102 |
|
|
|a UA
|
| 105 |
|
|
|a a j 001zy
|
| 200 |
1 |
|
|a Строительные работы
|e для студенческих строительных отрядов: учебное пособие для вузов
|f О. О. Литвинов, В. А. Ляшенко
|
| 210 |
|
|
|a Киев
|c Вища школа
|d 1981
|
| 215 |
|
|
|a 255 с.
|c ил.
|
| 320 |
|
|
|a Библиогр.: с. 251-252
|
| 606 |
1 |
|
|a Строительное дело
|2 stltpush
|3 (RuTPU)RU\TPU\subj\57263
|9 75125
|
| 610 |
1 |
|
|a строительные работы
|
| 610 |
1 |
|
|a студенческие строительные отряды
|
| 610 |
1 |
|
|a земляные работы
|
| 610 |
1 |
|
|a строительно-монтажные работы
|
| 610 |
1 |
|
|a геодезические работы
|
| 610 |
1 |
|
|a каменные работы
|
| 610 |
1 |
|
|a бетонные конструкции
|
| 610 |
1 |
|
|a железобетонные конструкции
|
| 610 |
1 |
|
|a монтажные работы
|
| 610 |
1 |
|
|a деревянные конструкции
|
| 610 |
1 |
|
|a кровельные работы
|
| 610 |
1 |
|
|a штукатурные работы
|
| 610 |
1 |
|
|a облицовочные работы
|
| 610 |
1 |
|
|a малярные работы
|
| 610 |
1 |
|
|a полы
|
| 610 |
1 |
|
|a учебные пособия
|
| 675 |
|
|
|a 69(075.8)
|z rus
|v 3
|
| 700 |
|
1 |
|a Литвинов
|b О. О.
|g Олимпий Олимпиевич
|4 070
|
| 701 |
|
1 |
|a Ляшенко
|b В. А.
|g Вера Алексеевна
|4 070
|
| 801 |
|
0 |
|a RU
|b RuMRKP
|c 19950704
|g psbo
|
| 801 |
|
1 |
|a RU
|b 63413507
|c 20151021
|
| 801 |
|
2 |
|a RU
|b 63413507
|c 20180925
|g RCR
|
| 942 |
|
|
|c BK
|